| 000 | 01312nam a22003737a 4500 | ||
|---|---|---|---|
| 001 | 000748 | ||
| 003 | DO-SdBPM | ||
| 005 | 20260209093411.0 | ||
| 007 | 000748 | ||
| 008 | 161125b1994 sp a ||||| |||| 00| 0 spa d | ||
| 020 | _a8434827719 | ||
| 040 |
_aDO-SdBPM _bspa _cBPMSU _erda |
||
| 041 | 1 | 7 |
_aspa _heng |
| 082 | 4 |
_a833.91 _bP943s 1994 _222 |
|
| 100 | 1 |
_aPreussler, Otfried, _d1923-2013. _eautor _4aut. |
|
| 245 | 1 | 3 |
_aEl señor Klingsor / _cEl señor Klingsor / Otfried Preussler ; traducción del alemán, Marinella Terzi ; ilustraciones, Dietrich Lange. |
| 250 | _a4ª ed. | ||
| 260 |
_aMadrid : _bSM, _c1994. |
||
| 300 |
_a111 p. : _bil. ; _c19 cm. |
||
| 490 | 0 |
_aEl barco de vapor, _v60 |
|
| 500 | _aA partir de 9 años. | ||
| 500 | _aIncluye datos del autor | ||
| 534 |
_pTítulo original. _tHerr Klingsor konnte ein bisschen zaubern. |
||
| 586 | _a $tHerr Klingsor konnte ein bisschen zaubern. | ||
| 590 | _aInventariado, 2026/VM | ||
| 650 | 7 | _a Cuentos infantiles alemanes | |
| 650 | 7 |
_aEscuela _vCuentos infantiles. |
|
| 650 | 4 |
_aMaestros _vCuentos infantiles. |
|
| 650 | 4 |
_aMagia _vCuentos infantiles. |
|
| 700 | 1 |
_aTerzi, Marinella, _d1958- _etraductor |
|
| 700 | 1 |
_aLange, Dietrich, _eilustraciones |
|
| 910 | _aVMateo V. Control de calidad. BPMSU | ||
| 942 |
_2ddc _cBK |
||
| 999 |
_c12110 _d12110 |
||